|
|
|
|
| LEADER |
01252nam a2200253 a 4500 |
| 001 |
1017346 |
| 008 |
090914s1981 bg b bs f000 0 eng d |
| 010 |
|
|
|a \\\87900555
|
| 040 |
|
|
|a DLC
|c DLC
|d DLC
|
| 082 |
0 |
4 |
|a 305.23021095492
|2 19
|
| 245 |
0 |
4 |
|a The Study on the situation of children in Bangladesh /
|c Foundation for Research on Educational Planning and Development (Bangladesh)
|
| 260 |
|
|
|a Dhaka :
|b Foundation for Research on Educational Planning & Development, Bangladesh, in co-operation with UNICEF, Dacca,
|c 1981.
|
| 300 |
|
|
|a xvi, 331 p. :
|b map ;
|c 29 cm.
|
| 500 |
|
|
|a Spine title: Situation of children in Bangladesh.
|
| 500 |
|
|
|a Includes statistical tables.
|
| 504 |
|
|
|a Includes bibliographical references.
|
| 541 |
1 |
|
|e 00000275
|
| 650 |
|
0 |
|a Rural children
|z Bangladesh
|x Statistics.
|
| 710 |
2 |
|
|a Foundation for Research on Educational Planning and Development (Bangladesh)
|
| 710 |
2 |
|
|a UNICEF Bangladesh.
|
| 740 |
0 |
|
|a Situation of children in Bangladesh.
|
| 852 |
4 |
|
|a Ayesha Abed Library
|j General shelf
|
| 999 |
|
|
|c 4032
|d 4032
|
| 952 |
|
|
|0 0
|1 0
|2 ddc
|4 0
|6 305_230210954920000_STU_1981
|7 0
|9 3714
|a BRACUL
|b BRACUL
|c GEN
|d 2009-10-03
|g 0.00
|l 0
|o 305.23021095492 STU
|p 3010000275
|r 2009-10-03
|t 1
|w 2009-10-03
|y BK
|x No price found in the accession register.
|